[Event "Burnie Tasmania op"]
[Site "Burnie"]
[Date "2020.08.30"]
[Round "4"]
[White "Bonham, Kevin"]
[Black "Little, Ian"]
[Result "1-0"]
[WhiteElo "1767"]
[BlackElo "1599"]
[PlyCount "51"]
[EventDate "2020.08.29"]
[EventType "swiss"]
[EventRounds "6"]
[EventCountry "AUS"]
[SourceTitle "EXT 2021"]
[Source "ChessBase"]
[SourceDate "2020.10.23"]
[SourceVersion "1"]
[SourceVersionDate "2020.10.23"]
[SourceQuality "1"]

1. Nf3 d5 2. d4 c5 3. e3 Bg4 4. c4 e6 5. cxd5 Bxf3 6. Bb5+ Nd7 7. Qxf3 exd5 8. Qxd5 Ngf6 9. Qxb7 cxd4 10. Bxd7+ Nxd7 11. Qe4+ Be7 12. exd4 0-0 13. 0-0 Nf6 14. Qd3 Qd6 15. Nd2 Rfd8 16. Nf3 Nd5 17. Re1 Bf8 18. a3 a5 19. Bd2 a4 20. Bg5 Rdb8 21. Rab1 Rb3 22. Qe4 Rab8 23. Nd2 Rxb2 24. Rxb2 Rxb2 25. Nc4 Nc3 26. Qd3 1-0

[Event "Tasmania-ch"]
[Site "Havenview"]
[Date "2016.06.12"]
[Round "4"]
[White "Dyer, Alastair"]
[Black "Little, Ian"]
[Result "1-0"]
[WhiteElo "2071"]
[BlackElo "1549"]
[PlyCount "73"]
[EventDate "2016.06.11"]
[EventType "swiss"]
[EventRounds "7"]
[EventCountry "AUS"]
[SourceTitle "EXT 2018"]
[Source "ChessBase"]
[SourceDate "2017.10.13"]
[SourceVersion "1"]
[SourceVersionDate "2017.10.13"]
[SourceQuality "1"]

1. e4 c5 2. d4 cxd4 3. c3 dxc3 4. Nxc3 Nc6 5. Bc4 e6 6. Nf3 d6 7. 0-0 Be7 8. Qe2 Nf6 9. Rd1 0-0 10. e5 Nd7 11. exd6 Bf6 12. Ne4 Nce5 13. Bb3 Nxf3+ 14. Qxf3 Rb8 15. Be3 b6 16. Rac1 Bb7 17. Nxf6+ Qxf6 18. Qg3 Qg6 19. Rc7 Qxg3 20. hxg3 Nf6 21. Bg5 Nd5 22. Bxd5 Bxd5 23. Be7 Rfc8 24. Rxc8+ Rxc8 25. d7 Ra8 26. Rxd5 exd5 27. d8Q+ Rxd8 28. Bxd8 f6 29. Kf1 Kf7 30. Ke2 Ke6 31. Bc7 Kd7 32. Bf4 Kc6 33. Kd3 Kc5 34. Be3+ Kd6 35. Kd4 g5 36. g4 h6 37. Bd2 1-0

[Event "Tasmania-ch"]
[Site "Havenview"]
[Date "2016.06.11"]
[Round "2"]
[White "Bonham, Kevin"]
[Black "Little, Ian"]
[Result "1/2-1/2"]
[WhiteElo "1886"]
[BlackElo "1549"]
[PlyCount "60"]
[EventDate "2016.06.11"]
[EventType "swiss"]
[EventRounds "7"]
[EventCountry "AUS"]
[SourceTitle "EXT 2018"]
[Source "ChessBase"]
[SourceDate "2017.10.13"]
[SourceVersion "1"]
[SourceVersionDate "2017.10.13"]
[SourceQuality "1"]

1. c4 e5 2. Nc3 Nf6 3. g3 d5 4. cxd5 Nxd5 5. Bg2 Nb6 6. d3 Nc6 7. Nf3 f6 8. 0-0 Be6 9. a3 Qd7 10. Re1 0-0-0 11. b4 Be7 12. Na4 Nxa4 13. Qxa4 Kb8 14. Qc2 g5 15. Be3 h5 16. Nd2 Bd5 17. Ne4 Nd4 18. Bxd4 exd4 19. Rec1 f5 20. Nc5 Bxc5 21. Bxd5 Qxd5 22. Qxc5 Rh7 23. Rc2 f4 24. Rac1 b6 25. Qc6 Rd6 26. Qxd5 Rxd5 27. Rc6 fxg3 28. fxg3 Re7 29. R1c2 a5 30. Rh6 g4 1/2-1/2

[Event "Tasmania-ch"]
[Site "Havenview"]
[Date "2016.06.11"]
[Round "3"]
[White "Little, Ian"]
[Black "Harvey, Reg"]
[Result "1-0"]
[WhiteElo "1549"]
[BlackElo "1538"]
[PlyCount "71"]
[EventDate "2016.06.11"]
[EventType "swiss"]
[EventRounds "7"]
[EventCountry "AUS"]
[SourceTitle "EXT 2018"]
[Source "ChessBase"]
[SourceDate "2017.10.13"]
[SourceVersion "1"]
[SourceVersionDate "2017.10.13"]
[SourceQuality "1"]

1. e4 g6 2. d4 Bg7 3. Nf3 d6 4. c4 c5 5. Nc3 cxd4 6. Nxd4 Nc6 7. Be3 Nf6 8. f3 Qb6 9. Na4 Qa5+ 10. Bd2 Qc7 11. Nc2 Bd7 12. Nc3 0-0 13. Be2 a6 14. 0-0 Be6 15. Rc1 Nd7 16. Nd5 Bxd5 17. cxd5 Nd4 18. Nxd4 Bxd4+ 19. Kh1 Qb6 20. Qa4 Qxb2 21. Rc2 b5 22. Rxb2 bxa4 23. Rb4 Bf6 24. Rxa4 Nc5 25. Rb4 a5 26. Rb5 a4 27. Be3 Rfb8 28. Rfb1 Rxb5 29. Rxb5 Rc8 30. g3 a3 31. Kg2 Bb2 32. Ra5 Nb7 33. Ra7 Rc2 34. Kf2 Nc5 35. Bh6 Bd4+ 36. Kf1 1-0

[Event "Tasmania op"]
[Site "Launceston"]
[Date "2016.03.14"]
[Round "6"]
[White "Mordue, Neil"]
[Black "Little, Ian"]
[Result "1-0"]
[WhiteElo "1425"]
[BlackElo "1550"]
[PlyCount "83"]
[EventDate "2016.03.11"]
[EventType "swiss"]
[EventRounds "7"]
[EventCountry "AUS"]
[SourceTitle "EXT 2018"]
[Source "ChessBase"]
[SourceDate "2017.10.13"]
[SourceVersion "1"]
[SourceVersionDate "2017.10.13"]
[SourceQuality "1"]

1. d4 Nf6 2. Nf3 d5 3. c4 c6 4. Nc3 dxc4 5. e3 b5 6. a4 b4 7. Nb1 e6 8. Bxc4 a5 9. 0-0 Bd6 10. Nbd2 0-0 11. e4 Be7 12. Qc2 Ba6 13. b3 Qc8 14. Bb2 Nbd7 15. Rac1 Qb7 16. Rfd1 Rfc8 17. Qd3 Nb6 18. Bxa6 Qxa6 19. Nc4 Nxc4 20. Rxc4 Nd7 21. h3 Nb6 22. Rc2 Qxd3 23. Rxd3 Nd7 24. Nd2 c5 25. d5 exd5 26. Rxd5 Nb6 27. Rd3 Rd8 28. Rg3 g6 29. Rf3 Bg5 30. Bc1 Rac8 31. Kh2 Be7 32. Nc4 Nxc4 33. Rxc4 Rd4 34. Bb2 Rxc4 35. bxc4 Rd8 36. Rb3 Rd2 37. Kg3 Rc2 38. Be5 Bd8 39. Rd3 Bb6 40. Rd7 Rxc4 41. Rb7 Rxe4 42. Rb8+ 1-0

[Event "Tasmania op"]
[Site "Launceston"]
[Date "2016.03.13"]
[Round "5"]
[White "Little, Ian"]
[Black "Rumley, William"]
[Result "1-0"]
[WhiteElo "1550"]
[BlackElo "1017"]
[PlyCount "107"]
[EventDate "2016.03.11"]
[EventType "swiss"]
[EventRounds "7"]
[EventCountry "AUS"]
[SourceTitle "EXT 2018"]
[Source "ChessBase"]
[SourceDate "2017.10.13"]
[SourceVersion "1"]
[SourceVersionDate "2017.10.13"]
[SourceQuality "1"]

1. e4 c5 2. Nf3 Nc6 3. d4 cxd4 4. Nxd4 e6 5. Be2 Nf6 6. Nxc6 bxc6 7. e5 Nd5 8. c4 Ne7 9. Nc3 Nf5 10. 0-0 Bc5 11. Ne4 Bd4 12. g4 Qh4 13. Nd6+ Nxd6 14. Qxd4 Nf5 15. Qf4 g5 16. Qxg5 Qxg5 17. Bxg5 Rg8 18. Bf6 Nd4 19. Bd1 Ba6 20. b3 Rg6 21. g5 h6 22. h4 hxg5 23. hxg5 Nf5 24. Kg2 Bb7 25. Rh1 c5+ 26. Bf3 Bxf3+ 27. Kxf3 Nd4+ 28. Ke4 d5+ 29. cxd5 exd5+ 30. Kxd5 Rc8 31. Rh8+ Kd7 32. Rxc8 Kxc8 33. Rc1 Ne6 34. b4 Kd7 35. bxc5 Nxg5 36. Rg1 Ne6 37. Rxg6 Nf4+ 38. Ke4 Nxg6 39. f4 Kc6 40. f5 Nf8 41. a4 Nd7 42. Be7 Nxc5+ 43. Bxc5 Kxc5 44. f6 a5 45. e6 fxe6 46. f7 Kb4 47. f8Q+ Kxa4 48. Qf4 Ka3 49. Qd2 a4 50. Qd6+ Kb2 51. Kd3 a3 52. Qb4+ Ka2 53. Kc2 e5 54. Qb1# 1-0